000 00424nam a2200157Ia 4500
003 GCL
008 140319s9999 xx 000 0 eng d
040 _aGCL /
_cGCL
082 0 4 _a575.1
_bG P
100 1 _aGARDNER, ELDON JOHN
245 1 0 _aPrinciples of Genetics /
_cGARDNER, ELDON JOHN
700 1 _aSIMNONS, MICHAEL J.
260 _a[S.N] :
_bJOHN WILEY AND SONS. INC ،
_c1991
650 0 4 _aGENETICS
942 _2ddc
_cBK
999 _c18236
_d18236